ATP joueuses françaises du Top 500 - Statistiques

Statistiques générales
  • Ce quiz a été pris 42 fois
  • Le résultat moyen est 6 sur 23
Statistiques - réponses
Hint Réponse % Correct
4 Garcia
100%
36 Cornet
89%
113 Mladenovic
78%
106 Parry
54%
123 Burel
46%
118 Dodin
41%
107 Jeanjean
41%
416 Ferro
38%
144 Tan
38%
208 Jacquemot
32%
163 Paquet
32%
223 Monnet
14%
171 Ponchet
14%
327 Robbe
8%
236 Andrianjafitrimo
5%
184 Janicijevic
5%
272 Albie
3%
453 Babel
0%
499 Belgraver
0%
380 Nguyen
0%
422 Partaud
0%
478 Rame
0%
461 Tubello
0%
Aucun quiz correspondant
Distribution des résultats
% des personnes avec chaque résultat
Percentile par nombre de réponses
Votre historique - résultats
Vous n’avez pas pris ce quiz